Finite automata

שמור ב:
מידע ביבליוגרפי
מחבר ראשי: Mark V. Lawson
פורמט: ספר
שפה:Undetermined
יצא לאור: Boca Raton, FL CRC Press 2004
נושאים:
תגים: הוספת תג
אין תגיות, היה/י הראשונ/ה לתייג את הרשומה!
Thư viện lưu trữ: Trung tâm Học liệu Trường Đại học Cần Thơ
LEADER 00451nam a2200181Ia 4500
001 CTU_59144
008 210402s9999 xx 000 0 und d
082 |a 511.3 
082 |b L335 
100 |a Mark V. Lawson 
245 0 |a Finite automata 
245 0 |c Mark V. Lawson 
260 |a Boca Raton, FL 
260 |b CRC Press 
260 |c 2004 
650 |a machine theory 
904 |i Minh 
980 |a Trung tâm Học liệu Trường Đại học Cần Thơ